01293cam a22002655a 45000010009000000050017000090080041000260200015000670200018000820400033001000820019001332450094001522600050002463000035002965040051003315050297003826500045006796500050007246510010007746530024007847000022008089420008008309990017008389520172008551531537020170111130907.0080604t2009 njua frb 001 0 eng d a0132350882 a9780132350884 aDLCcDLCdDLCdEG-ScBUEbeng04222a005.1bCLE00aClean code :ba handbook of agile software craftsmanship /cRobert C. Martin ... [et al.] aUpper Saddle River :bPrentice Hall,cc.2009. axxix, 431 p. :bill. ;c24 cm. aIncludes bibliographical references and index.0 aClean code -- Meaningful names -- Functions -- Comments -- Formatting -- Objects and data structures -- Error handling -- Boundaries -- Unit tests -- Classes -- Systems -- Emergence -- Concurrency -- Successive refinement -- Junit internals -- Refactoring serialdate -- Smells and heuristics. 7aAgile software development.2BUEsh94807 7aComputer softwarexReliability.2BUEsh918120 2BUEsh bCOMSCIcJanuary20171 aMartin, Robert C. 2ddc c23886d23858 00102ddc40708Scien. H.aMAINbMAINcLOWd2017-01-11ePurchaseg320.00h2691l10m118o005.1 CLEp000040863q2026-05-18r2025-11-11 00:00:00s2025-11-11v400.00yBB